The Decade of Roma Inclusion A Unifying Framework of Progress Measurement and Options for Data Collection
Salvato in:
| Autore principale: | |
|---|---|
| Natura: | Libro |
| Lingua: | inglese |
| Pubblicazione: |
Bonn
IZA
2009
|
| Edizione: | 1st Edition |
| Soggetti: | |
| Tags: |
Nessun Tag, puoi essere il primo ad aggiungerne!!
|
MARC
| LEADER | 00000nlm a2200000 4500 | ||
|---|---|---|---|
| 001 | 0307526 | ||
| 005 | 20250307092852.0 | ||
| 041 | 0 | |a eng | |
| 044 | |a DE | ||
| 245 | 1 | 0 | |a The Decade of Roma Inclusion |b A Unifying Framework of Progress Measurement and Options for Data Collection |c Martin Kahanec |
| 250 | |a 1st Edition | ||
| 264 | 1 | |a Bonn |b IZA |c 2009 | |
| 300 | |a 50 s. | ||
| 610 | 2 | 0 | |a kapitál ľudský |
| 610 | 2 | 0 | |a etnikum |
| 610 | 2 | 0 | |a menšiny národnostné |
| 610 | 2 | 0 | |a trh práce |
| 610 | 2 | 0 | |a integrácia sociálna |
| 610 | 2 | 0 | |a zber dát |
| 100 | 1 | |a Kahanec, Martin, 1977- | |